Miejscowości w gminie Nieborów - Statystyki

Ogólne statystyki
  • Ten quiz został rozwiązany 31 razy
  • Średni wynik to 13 z 22
Statystyki odpowiedzi
Pierwsza Litera Miejscowość % Poprawnych
B Bednary
91%
A Arkadia
82%
D Dzierzgów
82%
M Mysłaków
82%
D Dzierzgówek
73%
J Janowice
73%
K Karolew
73%
K Kompina
73%
B Bełchów
64%
B Bobrowniki
64%
J Julianów
64%
P Piaski
64%
B Bąkowiec
55%
B Bednary-Kolonia
55%
M Michałówek
55%
S Sypień
55%
Z Zygmuntów
55%
J Janówek
45%
P Patoki
45%
T Trzcinówka
45%
C Chyleniec
36%
K Kolonijka
18%
Nie znaleziono quizów pasujących do podanych kryteriów
Rozkład punktacji
Procent ludzi z każdym wynikiem
Percentyl według liczby udzielonych odpowiedzi
Twoja historia wyników
Nie rozwiązałeś tego quizu